Представление документа в формате MARC21

ПолеНазваниеЗначение
  Тип записи a
  Библиографический уровень m
001 Контрольный номер RU\infra-m\znanium\bibl\2213781
005 Дата корректировки 20260429142113.7
008 Кодируемые данные 250612s2025 RU g rus u
020 Индекс ISBN __
a ISBN 978-5-7924-2071-7
040 Источник каталогиз. __
a Служба первич. каталог. Общество с ограниченной ответственностью «ЗНАНИУМ»
041 Код языка издания __
a Код языка текста rus
044 Код страны публикации __
a Код страны публикации RU
080 Индекс УДК __
a Индекс УДК 343
084 Индекс другой классификации/Индекс ББК __
2 Источник индекса rubbk
a Индекс другой классификации/Индекс ББК 67409
084 Индекс другой классификации/Индекс ББК __
2 Источник индекса okso
a Индекс другой классификации/Индекс ББК 40.03.01
084 Индекс другой классификации/Индекс ББК __
2 Источник индекса okso
a Индекс другой классификации/Индекс ББК 40.05.01
084 Индекс другой классификации/Индекс ББК __
2 Источник индекса okso
a Индекс другой классификации/Индекс ББК 40.05.02
084 Индекс другой классификации/Индекс ББК __
2 Источник индекса okso
a Индекс другой классификации/Индекс ББК 40.05.03
084 Индекс другой классификации/Индекс ББК __
2 Источник индекса okso
a Индекс другой классификации/Индекс ББК 40.05.04
100 Автор __
a Автор Блинов А.Г.
q Полное имя Блинов Александр Георгиевич
u Дополнение Саратовская государственная юридическая академия
245 Заглавие __
a Заглавие Уголовно-исполнительное право Российской Федерации
b Продолж. заглавия Учебно-методическая литература
c Ответственность Саратовская государственная юридическая академия
250 Сведения об издании __
a Основные сведения об издании 1
260 Выходные данные __
a Место издания Саратов
b Издательство Саратовская государственная юридическая академия
c Дата издания 2024
300 Физическое описание __
a Объем 84 с.
520 Аннотация __
a Аннотация Настоящее учебно-методическое пособие подготовлено с учетом современного уровня развития науки уголовно-исполнительного права действующего законодательства и практики его применения в Российской Федерации. Оно призвано оказать методическую помощь обучающимся в овладении теоретическими знаниями об основных институтах уголовно-исполнительного законодательства и формировании навыков их реализации в правоприменительной практике. Издание предназначено для сопровождения учебного процесса обучающихся по укрупненной группе специальностей и направлений подготовки 40.00.00 Юриспруденция.
521 Примеч. о цел. назн. __
a Примеч. о целев. назн. ВО - Бакалавриат
650 Тематические рубрики __
a Основная рубрика Право. Юридические науки
x Основная подрубрика Уголовно-исполнительное право
655 Указ. предметных рубрик (устаревшее) __
a Жанр/ форма (устаревшее) Учебно-методическая литература
700 Другие авторы __
a Другие авторы Насиров Н.И.
q Полное имя Насиров Немэт Интигам оглы
u Дополнение Саратовская государственная юридическая академия
856 Электронный адрес документа 4_
a Имя сервера/домена znanium.ru
m Помощь ebs_support@infra-m.ru
n Местонахождение сервера НИЦ ИНФРА-М
u URL https://znanium.ru/catalog/document?id=465968
856 Электронный адрес документа 48
a Имя сервера/домена znanium.ru
d Путь /cover/2213
f Электронное имя 2213781.jpg
q Тип электронного формата image/jpeg
u URL https://znanium.ru/cover/2213/2213781.jpg
911 __
u 0030=https://znanium.ru/catalog/document?id=465968